Prime 200 parole di Harry Potter e la Pietra Filosofale - Statistics

Statistiche generali
  • Questo quiz è stato fatto 448 volte
  • Il punteggio medio è 63 su 200
Statistiche sulle risposte
Risposta % Corretto
i
90%
a
89%
la
81%
e
79%
si
75%
Il
71%
il
71%
di
70%
le
70%
ma
68%
o
65%
per
63%
Drive
52%
un
52%
Dursley
50%
Privet
50%
con
48%
era
47%
signor
47%
da
46%
Potter
46%
al
44%
una
42%
signora
41%
numero
40%
del
38%
quattro
38%
signore
36%
erano
34%
Dudley
33%
che
32%
bambino
31%
non
31%
normali
28%
trapani
27%
essere
21%
grazie
18%
più
18%
collo
17%
ditta
17%
persone
17%
tante
17%
della
16%
loro
16%
orgogliosi
16%
perché
16%
perfettamente
16%
affermare
15%
mondo
15%
normale
15%
dei
13%
sorella
13%
avevano
12%
lungo
12%
vicini
12%
gran
11%
nome
11%
baffi
10%
cui
10%
direttore
10%
poter
10%
ultime
10%
ad
9%
cose
9%
grosso
9%
strane
9%
due
8%
tempo
8%
uomo
8%
aspettarsi
7%
bello
7%
bionda
7%
fabbricava
7%
grande
7%
Grunnings
7%
magra
7%
paio
7%
spiare
7%
tutto
7%
genere
6%
giardino
6%
misteriose
6%
parte
6%
poteva
6%
proprio
6%
quasi
6%
quello
6%
senza
6%
siepe
6%
volte
6%
approvavano
5%
corpulento
5%
sciocchezze
5%
anche
4%
assai
4%
avere
4%
dato
4%
faceva
4%
figlioletto
4%
oltre
4%
passava
4%
secondo
4%
tornava
4%
utile
4%
allungarlo
3%
esisteva
3%
nerboruto
3%
sapere
3%
anni
2%
desiderare
2%
possiedevano
2%
qualcuno
2%
segreto
2%
sopportare
2%
timore
2%
vedevano
2%
venisse
2%
anzi
1%
credevano
1%
finta
1%
potesse
1%
scoprirlo
1%
sorelle
1%
addirittura
0%
Nessun quiz corrispondente trovato
Distribuzione punteggi
Percentuale di utenti per punteggio
Percentile per numero di risposta
I tuoi punteggi nel tempo
Non hai fatto questo quiz